| 000 | 00985cam a22002531 4500 | ||
|---|---|---|---|
| 001 | 000012284 | ||
| 005 | 20250331134728.0 | ||
| 008 | 090822s1942 mx 000 0 spa | ||
| 010 | _a43004042 | ||
| 040 |
_aDO-SdBNP _bspa _cBNPHU |
||
| 082 |
_a370.938 _bJ22p |
||
| 100 | 1 |
_aJaeger, Werner Wilhelm, _d1888-1961. _928927 |
|
| 240 | 1 | 0 |
_aPaideia; die formung des griechischen menechen. _lSpan. |
| 245 | 1 | 0 |
_aPaideia; : _blos ideales de la cultura griega ... / _cVersion espanola de Joaquin Xirau. |
| 260 |
_aMexico, : _bFondo de cultura economica, _c[1942]-. |
||
| 300 |
_a1 v. ; _c24 cm. |
||
| 500 | _aAt head of title: Werner Jaeger. | ||
| 500 | _a"Primera edicion espanola." | ||
| 505 | 0 | _aI. La primera Grecia. Culminacion y crisis del espiritu atico. Tr. de la 2. ed. alemana. | |
| 650 | 4 |
_aEducación _zGrecia _928928 |
|
| 651 | 0 |
_aGrecia -- _xCivilización _928929 |
|
| 650 | 4 |
_aLiteratura griega _xHistoria y crítica. _928930 |
|
| 700 | 1 |
_aXirau, Joaquim, _d1895- _etr. _928931 |
|
| 999 |
_c11941 _d11941 |
||